00000000nam 2200000zi 4500
0019.945328
003CaOODSP
00520250120151704
006m     o  d f      
007cr cn ||||||||
008241119t20252025nscdb   ob   f000 0 eng d
020 |a9780660745695
040 |aCaOODSP|beng|erda|cCaOODSP
041 |aeng|bfre
043 |an-cn-ns
0861 |aFs97-6/3650E-PDF
1001 |aJeffery, Nicholas W., |eauthor.
24510|aAnalysis of the enhanced snow crab survey for monitoring conservation priorities in St. Anns Bank Marine Protected Area / |cNicholas W. Jeffery, Rémi Daigle, Brent J. Cameron, Amy Glass, Jaimie Harbin, Harri Pettitt-Wade, Manon Cassista-Da Ros, Ryan R.E. Stanley.
264 1|aDartmouth, Nova Scotia : |bFisheries and Oceans Canada, Coastal Ecosystem Science Division, Maritimes Region, Bedford Institute of Oceanography, |c2025.
264 4|c©2025
300 |a1 online resource (x, 69 pages) : |bcharts, maps.
336 |atext|btxt|2rdacontent
337 |acomputer|bc|2rdamedia
338 |aonline resource|bcr|2rdacarrier
4901 |aCanadian technical report of fisheries and aquatic sciences, |x1488-5379 ; |v3650
504 |aIncludes bibliographical references (pages 67-69).
520 |a"Here we investigated trends in biomass, species richness, and animal size data inside and outside the MPA between 2015-2023, as well as community composition and predator diets. Species richness from the SCS continues to increase as additional stations are sampled. Power analyses of the trawl data to investigate catch per unit effort in several key species revealed that additional stations would be required to adequately monitor changes in animal abundance and richness in the MPA at high power (>80%). Overall, the SCS provides vital information for monitoring the MPA’s conservation objectives related to biodiversity and productivity, but additional years and stations or new supplementary data streams will be needed to confidently identify trends over time"--Abstract, page ix.
546 |aIncludes abstract in French.
650 0|aSnow crab|xMonitoring|zNova Scotia|zSt. Anns Bank Marine Protected Area.
650 6|aCrabe des neiges|xSurveillance|zNouvelle-Écosse|zZone de protection marine du banc de Sainte-Anne.
7101 |aCanada. |bDepartment of Fisheries and Oceans. |bMaritimes Region, |eissuing body.
7102 |aBedford Institute of Oceanography, |eissuing body.
830#0|aCanadian technical report of fisheries and aquatic sciences ;|v3650.|w(CaOODSP)9.504449
85640|qPDF|s7.94 MB|uhttps://publications.gc.ca/collections/collection_2025/mpo-dfo/Fs97-6-3650-eng.pdf
8564 |qHTML|sN/A|uhttps://doi.org/10.60825/0705-z745